Countries with the Most Foreign Language Film Oscar Awards - Statistics

General Stats
  • This quiz has been taken 81 times
  • The average score is 10 of 14
Answer Stats
# Country % Correct
12 France
97%
14 Italy
95%
4 Spain
93%
3 Germany
92%
4 Japan
85%
4 Russia
80%
3 Sweden
75%
3 Netherlands
72%
3 Denmark
64%
2 Austria
59%
2 Argentina
52%
2 Switzerland
51%
2 Hungary
43%
3 Czech republic
27%
No matching quizzes found
Score Distribution
Percent of People with Each Score
Percentile by Number Answered
Your Score History
You have not taken this quiz